[Event "Reunion op 20th"]
[Site "St Denis"]
[Date "2018.10.19"]
[Round "7"]
[White "Hermanns, Luis"]
[Black "Rajaonson, Andriamahenina"]
[Result "0-1"]
[WhiteElo "1253"]
[BlackElo "1822"]
[PlyCount "54"]
[EventDate "2018.10.14"]
[EventType "swiss"]
[EventRounds "9"]
[EventCountry "RUF"]
[SourceTitle "CBM 187 Extra"]
[Source "ChessBase"]
[SourceDate "2018.11.04"]
[SourceVersion "1"]
[SourceVersionDate "2018.11.04"]
[SourceQuality "1"]

1. d4 d5 2. c4 e6 3. Nc3 c6 4. cxd5 exd5 5. Nf3 Nf6 6. Bg5 Be7 7. Bxf6 Bxf6 8. e4 dxe4 9. Nxe4 0-0 10. Be2 Be7 11. 0-0 Bf5 12. Ng3 Be6 13. Qd3 g6 14. a3 Nd7 15. b4 Nb6 16. Ne5 Bf6 17. f4 Qc7 18. f5 Bd5 19. fxg6 fxg6 20. Ng4 Bg7 21. Qc3 Rae8 22. Rxf8+ Rxf8 23. Ne3 Qf4 24. Rd1 Qf2+ 25. Kh1 Re8 26. Nxd5 Nxd5 27. Rf1 Qxf1+ 0-1

[Event "Reunion op 20th"]
[Site "St Denis"]
[Date "2018.10.18"]
[Round "5"]
[White "Hermanns, Luis"]
[Black "Rajaobelina, Hery"]
[Result "0-1"]
[WhiteElo "1253"]
[BlackElo "1646"]
[PlyCount "50"]
[EventDate "2018.10.14"]
[EventType "swiss"]
[EventRounds "9"]
[EventCountry "RUF"]
[SourceTitle "CBM 187 Extra"]
[Source "ChessBase"]
[SourceDate "2018.11.04"]
[SourceVersion "1"]
[SourceVersionDate "2018.11.04"]
[SourceQuality "1"]

1. d4 Nf6 2. c4 g6 3. Nc3 Bg7 4. Bf4 d6 5. Nf3 Nbd7 6. e3 c5 7. Be2 Qb6 8. Qc2 a6 9. 0-0 h6 10. Bd3 g5 11. Bg3 Nh5 12. Nd5 Qd8 13. Bg6 Nxg3 14. fxg3 Nf6 15. Nxf6+ Bxf6 16. Bh5 Be6 17. dxc5 dxc5 18. Nd2 Qc7 19. Ne4 Bg7 20. Qf2 0-0 21. Qc2 Qe5 22. Rab1 g4 23. Bxf7+ Rxf7 24. Rxf7 Bxf7 25. b3 Bg6 0-1